• 首页
  • 本馆介绍
  • 公告通知
  • 最新文献
  • 馆藏检索
  • 电子资源
  • 读者导购
  • 参考咨询
  • 我的图书馆
  • 登录
  • 详细信息显示
  • 放入我的书架
  • 预约/预借图书
  • 作者相关作品
  • 分类相关作品
  • 丛书相关作品
  • 出版社相关作品

书目信息

  • 表格格式
  • 工作单格式
  • 卡片格式
题名:
中国雕塑史话
    
 
作者: 顾森 著
分册:  
出版信息: 北京   商务印书馆  1991
页数: 132页
开本: 19cm
丛书名: 中国文化史丛书
单 册:
中图分类: J309.2
科图分类:
主题词: 雕塑史--中国--现代
电子资源:
ISBN: 978-7-100-01319-2
000 00681cam2 2200241 450
001 0100385104
005 20101215091348.0
010    @a978-7-100-01319-2@dCNY2.25
100    @a20021005d1991 em y0chiy0110 ea
101 0  @achi
102    @aCN@b110000
105    @af z 000yy
106    @ar
200 1  @a中国雕塑史话@9Zhong Guo Diao Su Shi Hua @f顾森著@b专著
210    @a北京@c商务印书馆@d1991
215    @a132页@c彩照@d19cm
225 2  @a中国文化史丛书@f任继愈主编
410  0 @12001 @a中国文化史丛书
606 0  @a雕塑史@y中国@z现代
690    @aJ309.2@v3
701  0 @a顾森@f(1944~)@9gu sen@4著
801  0 @aCN@bAiZhiMarc@c19930104
905    @aBZT@dJ309.2@e5@f3@sJ309.2/5
    
    中国雕塑史话/顾森著.-北京:商务印书馆,1991
    132页:彩照;19cm.-(中国文化史丛书/任继愈主编)
    
    
    ISBN 978-7-100-01319-2:CNY2.25
    
●
相关链接 在五车中查询图书 在当当中查询图书 在豆瓣中查询图书


正题名:中国雕塑史话     索取号:J309.2/5         预约/预借

序号 登录号 条形码 馆藏地/架位号 状态 备注
1 2000111541   2000111541   旧书回溯/ [索取号:J309.2/5] 在馆    
2 2000111542   2000111542   旧书回溯/ [索取号:J309.2/5] 在馆    
3 2000111543   2000111543   旧书回溯/ [索取号:J309.2/5] 在馆    
山东省滨州职业学院图书馆 欢迎您!
大连网信软件有限公司© 版权所有